| 000 | 00487cab a22001695a 4500 | ||
|---|---|---|---|
| 001 | L157575 | ||
| 008 | 130124e xxk 000 0 eng d | ||
| 035 | _a(Sirsi) u157575 | ||
| 041 | 0 | _aeng | |
| 100 | 1 | _aBranson, Adam | |
| 245 | 0 | 4 | _aThe Euro Vision |
| 490 |
_aBuilding _v278 (8757) 18 January 2013, 34-43(9) |
||
| 520 | _aContractor and housebuilders league tables for top European contractors in 2013 | ||
| 590 | _aKA | ||
| 650 | 2 | 4 | _aContracting, European, Housebuilding |
| 942 | _n0 | ||
| 999 |
_c84415 _d84415 |
||